000 00741nam a22002417a 4500
003 UA-OsUOA
001 88483
007 ta
008 20121005b un ||||| |||| 00| 0 ukr d
090 _a82.09
_bР89
942 _cBK
040 _aUA-OsUOA
_brus
_cUA-OsUOA
_dUA-OsUOA
245 _aРусские писатели о литературном труде
_bСборник в четырех томах
_cПод общ. ред. Мейлаха Б.
300 _a757 с.
955 _a0
041 _arus
080 _a82.09
260 _aМосква
_bСоветский писатель
_c1954
246 3 1 _aТ. 1
_n
044 _aRU
650 7 _a82 Література. Літературознавство
_2UDC
999 _c374312
_d374312